LEADER 02332nam2 22003731i 450 001 SUN0031811 005 20200219023845.262 010 $a88-299-1548-3$d0.00 100 $a20050118d2000 |0itac50 ba 101 $aita 102 $aIT 105 $a|||| ||||| 200 1 $a2: *Anatomia patologica degli organi e dei sistemi$e(capitoli 16-31)$fRobbins$gedizione italiana a cura di Antonio M. Mancini 205 $a6. ed 210 $aPadova$cPiccin$d[2000] 215 $aVI, 817-1618 p.$cill.$d27 cm. 461 1$1001SUN0017279$12001 $aLe *basi patologiche delle malattie$fRobbins$gRamzi S. Cotran, Vinay Kumar, Tucker Collins$v2$1205 $a6. ed$1210 $aPadova$cPiccin$d[2000]$1215 $avolumi$d26 cm. 620 $dPadova$3SUNL000007 676 $a616.07$cPatologia$v22 700 1$aRobbins$b, Stanley L.$3SUNV026437$067339 702 1$aMancini$b, Antonio M.$3SUNV026442 712 $aPiccin$3SUNV000025$4650 790 1$aRobbins, S. L.$zRobbins, Stanley L.$3SUNV103366 790 1$aMancini, Antonio Maria$zMancini, Antonio M.$3SUNV050582 801 $aIT$bSOL$c20200727$gRICA 899 $aUFFICIO DI BIBLIOTECA DEL DIPARTIMENTO DI SCIENZE E TECNOLOGIE AMBIENTALI BIOLOGICHE E FARMACEUTICHE$1IT-CE0101$2SUN17 912 $aSUN0031811 950 $aUFFICIO DI BIBLIOTECA DEL DIPARTIMENTO DI SCIENZE E TECNOLOGIE AMBIENTALI BIOLOGICHE E FARMACEUTICHE$e17 1007 20181210 $sSmarrito 950 $aUFFICIO DI BIBLIOTECA DEL DIPARTIMENTO DI SCIENZE E TECNOLOGIE AMBIENTALI BIOLOGICHE E FARMACEUTICHE$d17CONS Ae27 $e17DSV1006 20091118 $sSottolineato 950 $aUFFICIO DI BIBLIOTECA DEL DIPARTIMENTO DI SCIENZE E TECNOLOGIE AMBIENTALI BIOLOGICHE E FARMACEUTICHE$d17PREST Ae35 $e17DSV1336 20091118 950 $aUFFICIO DI BIBLIOTECA DEL DIPARTIMENTO DI SCIENZE E TECNOLOGIE AMBIENTALI BIOLOGICHE E FARMACEUTICHE$d17PREST Ae34/2 $e17DSV1335 20091022 950 $aUFFICIO DI BIBLIOTECA DEI DIPARTIMENTI DI AREA MEDICA$d12CONS aula studio $e12 13390 20050118 996 $aAnatomia patologica degli organi e dei sistemi$91520542 997 $aUNICAMPANIA